Statistics for World Map without 12 Countries #2 - One Minute Sprint

Click here to take the quiz!

General Stats

  • This quiz has been taken 150 times
  • The average score is 9 of 12

Answers on the Map

Answers color-coded by a green-red scale on the quiz's map according to % correct below.
 

Answer Stats

country% Correct
Panama
98%
Australia
96%
Morocco
90%
Portugal
88%
North Korea
81%
Greece
66%
Cuba
63%
Georgia
60%
Armenia
57%
Iceland
55%
Malaysia
54%
Vietnam
53%

Score Distribution

Percentile by Number Answered

Percent of People with Each Score

Your Score History

You have not taken this quiz